| 000 | 00403cam a2200169ua 4500 | ||
|---|---|---|---|
| 020 | _c12.60 | ||
| 041 |
_aeng _h |
||
| 082 |
_a826 _bADD/SP |
||
| 100 | _aAddisen, Steele . | ||
| 245 |
_aSpectator, vol-2 / _cSteele Addison. _hTextual Documents |
||
| 260 |
_aLondon : _bEverymans Library , _c1963. |
||
| 300 | _a505 ; . | ||
| 365 | _a12.60 | ||
| 504 | _a | ||
| 942 | _cBK | ||
| 999 |
_c4722 _d4722 |
||